01358nam a22002297a 4500003001700000005001700017008004100034020001800075040000700093041001200100082001600112100002500128245004800153260001800201300002500219365006200244520060300306650003700909942001200946999001900958952015100977St Aloysius Coll20260122162038.0260117b |||||||| |||| 00| 0 eng d a9781035012923 cAL aEnglish a813.6bBLAA aOlivie Blake9251641 aAlone with you in the etherb: a love story aUKbTorc2022 a339p.bPBc19.5x13cm 2Generala5468b₹479.00c₹d₹599.00e20%f10/01/2026 aFrom the internationally bestselling author of The Atlas Six, Alone With You in the Ether by Olivie Blake is a glimpse into the nature of love, what it means to be unwell, and how to face the fractures of yourself and still love as if you'' re not broken. Chicago, sometime. Two people meet in the armory of the Art Institute by chance. Prior to their encounter, he is a doctoral student who manages his destructive thoughts with compulsive calculations about time travel; she is a bipolar counterfeit artist undergoing court-ordered psychotherapy. After their meeting, those things do not change.  2FictionaEnglish Fiction9251642 2ddccBK c240784d240784 00102ddc40708MAENGaSACPGbSACPGd2026-01-14eBiblios Book Pointg479.00l0o813.6 BLAApPG025149r2026-01-17 16:50:20v599.00w0000-00-00yBK